| 000 | 01438nam a22003617a 4500 | ||
|---|---|---|---|
| 003 | CHAP | ||
| 005 | 20220329143744.0 | ||
| 008 | 110613s2011 mx r 00010 spa d | ||
| 010 | _a101481 | ||
| 011 | _a102453 | ||
| 035 | _a113141 | ||
| 040 | _cCHAP | ||
| 090 | _aTesis | ||
| 100 | 1 |
_aHernández González, José Guadalupe. _954071 |
|
| 245 | 1 | 0 |
_aDiseño y evaluación de un generador de vapor de baja potencia _h[En línea] _c/por José Guadalupe Hernández González |
| 260 |
_aChapingo, Méx. : _bEl autor, _c2011 |
||
| 500 | _aPara ver el contenido del material haga clic en la liga | ||
| 502 | _aTesis (Ing. Mecánico Agrícola) -- UACH. Departamento de Ingeniería Mecánica Agrícola | ||
| 590 |
_aALEPH _b10 _c20130110 _lUCH01 _h1541 |
||
| 590 |
_aBATCH-UPD _b10 _c20130110 _lUCH01 _h1508 |
||
| 590 |
_aBATCH-UPD _b10 _c20130410 _lUCH01 _h0926 |
||
| 590 |
_aBATCH-UPD _b10 _c20130914 _lUCH01 _h1206 |
||
| 590 |
_aBATCH-UPD _b10 _c20140324 _lUCH01 _h1525 |
||
| 590 |
_aBATCH-UPD _b10 _c20141002 _lUCH01 _h0849 |
||
| 590 |
_aCONVERSION _b10 _c20130109 _lUCH01 _h1356 |
||
| 650 | 1 | 4 |
_aDiseño en ingeniería. _932730 |
| 650 | 1 | 4 |
_aGeneradores de vapor. _947441 |
| 856 |
_3Finding aid _uhttp://10.13.5.2/tesis/113141.pdf _zTeclea aqui |
||
| 901 | _aBK | ||
| 942 | _cFOLL | ||
| 949 |
_aTesis _bBC _cTES _d33724002249941 _eTS1 _gDonaciØn _h52383 _i113141 _st |
||
| 949 |
_aTesis _bBC _cTES _d33724002249983 _eTS2 _fc.2 _gDonaciØn _h52384 _i113141 _st |
||
| 999 |
_c101481 _d101481 |
||